000 00230nam a2200097Ia 4500
008 120527s9999 xx 000 0 und d
100 _aROBINSON,David.
245 _aSources of the African past.
260 _bHeinemann
942 _cBK
999 _c23822
_d23822